000 00207nam a22000857a 4500
008 170216b xxu||||| |||| 00| 0 eng d
100 _92892
_aGoel.D.K
245 _aAccountancy XII A
260 _aNew Delhi
_bAP
_c2012
999 _c6121
_d6121